| 000 | 00414nam a2200145Ia 4500 | ||
|---|---|---|---|
| 008 | 230312s9999||||xx |||||||||||||| ||und|| | ||
| 020 | _a0-7506-8138-1 | ||
| 082 |
_a629.1355 _bTOO-A |
||
| 100 | _aTooley;Mike | ||
| 245 | 0 | _aAircraft Digital Electronic and Computer Systems: Principles Operation and Maintenance | |
| 260 |
_bElsevier _aUK _c2007 |
||
| 300 | _a198 | ||
| 650 |
_aEngineering _vAvionics |
||
| 942 | _cBK | ||
| 999 |
_c10839 _d10839 |
||